000 00828nam0a22002531 4500
001 rc\2950232
005 20250806211423.0
035 _a(NLR Aleph) 007097931
090 _a55536
_c55536
100 _a20110830d1943 u y0rusy50 ca
101 0 _arus
102 _aRU
105 _ay z |||||
200 1 _aМолодежь на защите советского Заполярья
_fМ. Савельев
210 _a[Москва]
_cМолодая гвардия
_d1943
215 _a48 с.
_d14 см
700 1 _aСавельев
_bМ.А.
_f1884-1939
_gМаксимилиан Александрович
801 0 _aRU
_bNLR
_gpsbo
801 1 _aRU
_bELAR
_2rusmarc
852 _aNLR
_jИр74 Г-2/49
942 _cBOOK
945 _aРоссийская национальная библиотека
980 _aNB
980 _aBV